Implicit functions and solution mappings : a view from variational analysis
Αποθηκεύτηκε σε:
| Κύριος συγγραφέας: | |
|---|---|
| Άλλοι συγγραφείς: | |
| Μορφή: | Βιβλίο |
| Γλώσσα: | English |
| Δημοσίευση: |
Dordrecht :
Springer,
c2009
|
| Σειρά: | Springer monographs in mathematics
|
| Θέματα: | |
| Ετικέτες: |
Προσθήκη ετικέτας
Δεν υπάρχουν, Καταχωρήστε ετικέτα πρώτοι!
|
MARC
| LEADER | 00000nam a2200000 i 4500 | ||
|---|---|---|---|
| 001 | 1/11349 | ||
| 008 | 101215s2009 eng d | ||
| 020 | |a 978-0-387-87820-1 (hbk) | ||
| 020 | |a 978-0-387-87821-8 (ebk) | ||
| 035 | |l 10109379 | ||
| 040 | |a GR-MY-UA |b gre |e aacr | ||
| 041 | 0 | |a eng | |
| 082 | 0 | |a 515.8 |2 (22) | |
| 100 | 1 | |a Dontchev, A. L. |d 1948- | |
| 245 | 1 | 0 | |a Implicit functions and solution mappings : |b a view from variational analysis / |c Asen L. Dontchev, R. Tyrrell Rockafellar |
| 260 | |a Dordrecht : |b Springer, |c c2009 | ||
| 300 | |a xii, 375 σ.; |c 24 εκ. | ||
| 490 | 1 | |a Springer monographs in mathematics | |
| 504 | |a Βιβλιογραφία: σ. 363-369. Ευρετήριο | ||
| 650 | 0 | 0 | |a Implicit functions. |
| 650 | 0 | 0 | |a Mappings (Mathematics) |
| 700 | 1 | |a Rockafellar, R. Tyrrell |d 1935- | |
| 830 | 0 | |a Springer monographs in mathematics | |
| 852 | |a INST |b SAMOS |e 20141112 |h 515.8 DON |p 005300037168 |q 005300037168 |t BK |y 0 | ||
| 852 | |a INST |b SYROS |e 20101215 |h 515.8 DON |p 005500009431 |q 005500009431 |t BK |y 0 | ||
| 901 | |a BIBL3-2014-3 | ||
| 901 | |a BIBL5-2010-3 | ||
| 909 | |a Σ |b 189182 | ||
| 909 | |a Ε |b 166679 | ||
| 922 | |a 3ΕΛΗ |b 201405 |c ΤΜΗΜΑ ΜΑΘΗΜΑΤΙΚΩΝ |d ΔΙΑΔΡΟΜΕΣ | ||
| 922 | |a 5ΕΛΗ |b 201009 |c ΒΙΒΛΙΟΘΗΚΗ ΣΥΡΟΥ |d ΜΙΧΑΛΟΠΟΥΛΟΣ | ||
| 970 | |a ΚΟΝΤΟΥ |b ΠΑΡΑΣΚΕΥΗ |z 2010/12/15 | ||